000 01474cam a2200373 i 4500
999 _c330258
_d330258
001 17490788
003 NUST
005 20180117090027.0
008 121012s2011 pk bs 000 0 eng
010 _a 2012432379
020 _a9789699534010
025 _aP-E-2012432379; 29
037 _bLibrary of Congress -- Islamabad Overseas Office
040 _aDLC
_beng
_cDLC
_erda
_dDLC
042 _alcode
_apcc
043 _aa-pk---
050 0 0 _aKPL2315.F43
_bS55 2011
082 _a347.429
100 1 _aShinwari, Naveed Ahmad.
_92717
245 1 0 _aUnderstanding jirga :
_blegality and legitimacy in Pakistan's Federally Administered Tribal Areas /
_cNaveed Ahmad Shinwari.
260 _a[Islamabad] :
_bCommunity Apraisal & Motivation Programme,
_c2011.
300 _avii, 190 pages ;
_c26 cm
336 _atext
_2rdacontent
337 _aunmediated
_2rdamedia
338 _avolume
_2rdacarrier
500 _aIncludes statistical tables.
650 0 _aDispute resolution (Law)
_zPakistan
_zFederally Administered Tribal Areas.
_92718
650 0 _aConflict management
_zPakistan
_zFederally Administered Tribal Areas.
_92719
710 2 _aCommunity Appraisal & Motivation Program.
_92278
906 _a7
_bcbc
_corigode
_d3
_encip
_f20
_gy-gencatlg
942 _2ddc
_cBK